[Event "Hannover Bezirk-ch C"]
[Site "Hannover"]
[Date "2018.10.06"]
[Round "6.5"]
[White "Kappus, Joachim"]
[Black "Flauss, Jessica"]
[Result "1-0"]
[WhiteElo "1338"]
[BlackElo "1627"]
[PlyCount "61"]
[EventDate "2018.10.04"]
[EventType "swiss"]
[EventRounds "7"]
[EventCountry "GER"]
[SourceTitle "EXT 2022"]
[Source "ChessBase"]
[SourceDate "2021.10.06"]
[SourceVersion "1"]
[SourceVersionDate "2021.10.06"]
[SourceQuality "1"]

1. d4 d5 2. c4 e6 3. Nf3 Nc6 4. e3 Nf6 5. Nc3 Be7 6. cxd5 exd5 7. Bd3 Nb4 8. h3 Nxd3+ 9. Qxd3 c6 10. 0-0 h6 11. Bd2 g5 12. Nh2 Qc7 13. f4 gxf4 14. exf4 Rg8 15. Rae1 h5 16. Re2 Rg7 17. Rfe1 Ng8 18. f5 f6 19. Qf3 Rh7 20. Bf4 Qb6 21. Be3 Bd7 22. Qg3 0-0-0 23. Qg6 Rh8 24. Qg7 Nh6 25. Bxh6 Qxd4+ 26. Kh1 Bd6 27. Nf3 Qc4 28. Qxf6 Bg3 29. Ne5 Rxh6 30. Qxh6 Bxe5 31. Rxe5 1-0

[Event "Hannover Bezirk-ch A"]
[Site "Lehrte"]
[Date "2017.10.28"]
[Round "2.2"]
[White "Kappus, Joachim"]
[Black "Schmerse, Joachim"]
[Result "1/2-1/2"]
[WhiteElo "1244"]
[BlackElo "1566"]
[PlyCount "29"]
[EventDate "2017.10.??"]
[EventType "swiss"]
[EventRounds "7"]
[EventCountry "GER"]
[SourceTitle "EXT 2022"]
[Source "ChessBase"]
[SourceDate "2021.10.06"]
[SourceVersion "1"]
[SourceVersionDate "2021.10.06"]
[SourceQuality "1"]

1. d4 d5 2. c4 c6 3. Nf3 Nf6 4. Bf4 Bf5 5. e3 g6 6. Nc3 Bg7 7. Qb3 b6 8. Bxb8 Rxb8 9. cxd5 cxd5 10. Bb5+ Bd7 11. Nxd5 0-0 12. Nxf6+ Bxf6 13. Bxd7 Qxd7 14. 0-0 e6 15. Rac1 1/2-1/2